Schulfächer Deutschland KI Bilder - Statistiken

Allgemein
  • Dieses Quiz wurde 1.883 mal gespielt
  • Das Durchschnittsergebnis liegt bei 15 aus 18
Antwortstatistiken
Bildquiz Antwort % Korrekt
Chemie
99%
Französisch
99%
Kunst
99%
Biologie
98%
Musik
95%
Englisch
93%
Physik
93%
Sport
93%
Erdkunde
92%
Deutsch
89%
Geschichte
86%
Mathematik
83%
Religion
83%
Informatik
82%
Darstellendes Spiel
72%
Politik
68%
Wirtschaft
39%
Philosophie
35%
Keine übereinstimmenden Quizze gefunden
Verteilung der Resultate
Anzahl Personen mit jedem Resultat
Perzentil nach korrekt beantworteten Fragen
Ihre Resultats-Entwicklung
Sie haben dieses Quiz noch nicht gespielt